=LDR 00000nam 2200000 4500 =001 INLIS000000000000489 =005 20150317100222.0 =006 =007 =008 Ind =035 ##$$0010-061300000000489 =041 ##$$a Ind =082 ##$$a 745.619 7 =090 ##$$a 745.619 7 Tir a =100 ##$$a Tirtobisono, Yan =245 ##$$a Aneka huruf indah / Yan Tirtobisono =260 ##$$a Surabaya $b Karya Utama $c 1996 =300 ##$$a 56 hlm. ; 18 cm =650 ##$$a Huruf Latin =850 ##$$a NBPNMAT